000 00442cam a2200181ua 4500
001 6714
008 140210n ii |||gr||||Z||||||eng
040 _cMAIN
082 _a519.5
245 1 1 _aStatistical methods
_cBy Digambar Patri
250 _a1st ed.
260 _aLudhiana:
_bKalyani publishers,
_c1995.
300 _ax,752p.
653 _aCommerce
653 _aStatistical methods
700 1 _aPatri,Digambar,
_eAuthor.
942 _cBK
999 _c5862
_d5862